Guhrove dni dýchania

Bibliographic Details
Format: Article
Language:Slovak
ISSN:1335-4477
Subjects:

MARC

LEADER 00000nab a2200000 a 4500
001 vtls009000856
003 SK-MaSNL
005 20260304214811.0
008 140303c2007 xo wrzp 0 0slo
015 |a SNBRB2007/06  |2 snkbucl 
040 |a SNKBUCL  |b slo  |c SNKBUCL  |e AACR2 
041 0 |a slo 
044 |a xo  |c SK 
080 |a 616.2-07-08:061.3  |2 1997 
245 0 0 |a Guhrove dni dýchania  |c [autor] (jps) 
611 2 7 |a Guhrove dni dýchania  |n (4. :  |d 2007 :  |c Tatranská Polianka, Slovensko)  |2 snkbucl  |9 1548883 
650 0 7 |a choroby dýchacích ústrojov  |2 snkbucl  |9 80832 
650 0 7 |a diagnostika (medicína)  |2 snkbucl  |9 28740 
650 0 7 |a terapia  |2 snkbucl  |9 781 
773 0 |t Zdravotnícke noviny  |g Roč. XII, č. 21 (2007), s. 9  |x 1335-4477 
852 |a SNK  |b KIS3GCP 
958 |a MI 
958 |a SK 
999 |c 3143330  |d 3145260